000 00685nam a22001817a 4500
003 OSt
005 20250902193902.0
008 240820b ||||| |||| 00| 0 eng d
040 _c0
082 _aDper 364.05 J826 Summer-Fall 2019 v. 109 n. 3-4
100 _aBronsther, Jacob.
_eauthor.
_958528
245 _aTorture and respect /
_cJacob Bronsther.
260 _aEvanston ;
_bNorthwestern University Press ,
_cSummer 2019.
300 _aVolume 109, pages 423-490 ;
_c26 cm.
500 _aThe Journal of Criminal Law and Criminology, vol. 109, no. 3, pages 423-490, Summer 2019.
700 _aBronsther, Jacob.
_eauthor.
_958528
942 _2ddc
_cPER
999 _c20717
_d20717